000 00895nam a22002897a 4500
001 BR8903388
003 BR-BrBNA
005 20230928093246.0
007 ta
008 230509b bl.||||| |||| 00| 0 por d
040 _aBR-BrBNA
_bpor
_cBiblioteca Nacional de Agricultura
041 _a(Por)
072 _aH50
_b1410
_b0150
090 _ 1410 BR8903388
100 1 _aJurado, S.G.
110 1 _aEscola Superior de Agricultura Luiz de Queiroz, Piracicaba, SP (Brasil)
_0Tese (Mestrado)
245 1 _aEfeitos do Cadmio no arroz (Oryza sativa L.)e no feijoeiro (Phaseolus vulgaris L.)cultivados em solucoes nutritivas
260 3 _aPiracicaba, SP (Brasil):
_c1989.
300 _a139 p.
500 _aSummaries (Eng, Por); 49 ref.; 152 tables
650 _aARROZ
650 _aFEIJAO
650 _aCADMIO
650 _aTOXIDEZ
909 _a202309
_bLucia
_c55
_dLucia Elande
942 _cBK
999 _c43933
_d43933